La vuelta completa /

Guardado en:
Autor Principal: Saer, Juan José
Formato: Libro
Publicado: Buenos Aires : Seix Barral, 2005
Series:Biblioteca Breve
Materias:
Etiquetas: Agregar Etiqueta
Sin Etiquetas, Sea el primero en etiquetar este registro!
LEADER 00612nam a22002175a 4500
001 CEM.cems012244
005 20101213114114.0
008 130507s2005##################000#0#####d
003 CEMS
020 |a 9507313044 
082 0 4 |a A863.4 
100 1 |a Saer, Juan José 
245 1 0 |a La vuelta completa /  |c Juan José Saer 
260 |a Buenos Aires :  |b Seix Barral,  |c 2005 
300 |a 333 p. 
490 0 |a Biblioteca Breve 
653 |a Literatura 
653 |a Literatura argentina-siglo 
653 |a Novelas 
653 |a Novelas argentinas-siglo 20 
859 |a CEMS  |b BIB. CEMS - 11 de abril  |h A863.4  |i Sa16-7  |p 23482.06  |t Ej.1